| 000 | nam a22 7a 4500 | ||
|---|---|---|---|
| 999 |
_c330504 _d330504 |
||
| 003 | ASAB | ||
| 005 | 20170718132231.0 | ||
| 008 | 170718b xxu||||| |||| 00| 0 eng d | ||
| 020 | _a978-0-643067-58-5 | ||
| 040 | _cASAB | ||
| 082 | _a635.60994 | ||
| 245 |
_aPests of field crops and pastures _bIdentification and control _cEditor : P.T. Bailey |
||
| 260 |
_aAustralia. _bCSIRO Publishing. _cc2007 |
||
| 300 | _a520 P | ||
| 630 |
_aagricultural pests _93370 |
||
| 942 |
_2ddc _cBK |
||